Statistics for Prollo's World Quiz

Click here to take the quiz!

General Stats

  • This quiz has been taken 5 times
  • The average score is 15 of 24

Answer Stats

QuestionAnswer% Correct
E: Who is the co-owner?Keegan
100%
E: Has the server ever had any boosts?No
100%
E: Who is the owner?ProlloGaming
100%
H: Who said "Hmm, yes the tree here is made of tree?"ProlloGaming
100%
H: Who is the rule author?ProlloGaming
100%
E: Who is the most active member?ProlloGaming
100%
H: Is Caps a friend?Yes
100%
M: How many FAQ are there?14
67%
H: How many people have the OG role?7
67%
H: What is ProlloGaming's tag?8034
67%
M: Who got the least votes in the 1st head mod election?Chipbar
67%
M: Who said 500 in #counting?Kingmic123
67%
M: Who was the very first moderator that isn't one now?Kingmic123
67%
E: What main theme do most of the emotes have?Pikachu
67%
M: Complete the sentence: Hello there gamers and ____.YouTubers
67%
H: What WYR question was the first reaction one?34
33%
H: What was the first event?Gaming Event
33%
H: Who impersonated SSundee?Imaginations
33%
H: Who was the first person to send a message in #general?jordansucks67
33%
H: When did Keegan join?May 14th, 2020
33%
H: What user quoted: "looks like we solved this mystery gang"?Megabean
33%
E: What was #media called before it's current name?#pic-posts
33%
M: When was the first server troll?September 15, 2020
33%
M: Who said the only pinned message in #general?Tsuki
33%

Score Distribution

Percentile by Number Answered

Percent of People with Each Score

Your Score History

You have not taken this quiz